000 00408nam a2200145Ia 4500
008 090124s9999 xx 000 0 und d
082 _b302360
245 _a आसवांची पालखी
250 _a1
260 _bराजे शैलजा
_c1990
300 _a174
630 _a आसवांची पालखी
730 _a आसवांची पालखी
942 _cBOOK
999 _c191997
_d191997